Statistics for Famous People From The County Of Norfolk, England

Click here to take the quiz!

General Stats

  • This quiz has been taken 101 times
  • The average score is 9 of 20

Answer Stats

Answer% Correct
Horatio Nelson
95%
Stephen Fry
83%
Delia Smith
74%
Ed Balls
68%
Olivia Colman
64%
James Dyson
58%
Elizabeth Fry
53%
Anna Sewell
51%
Edith Cavell
42%
Myleene Klass
41%
Thomas Paine
36%
John Mills
35%
Roger Taylor
35%
Chris Sutton
32%
Matthew Pinsent
32%
Charlie Higson
30%
Danny Mills
24%
Henry Blofeld
22%
Philip Pullman
15%
Pablo Fanque
11%

Score Distribution

Percentile by Number Answered

Percent of People with Each Score

Your Score History

You have not taken this quiz